Υποσημειώσεις και παραπομπές
Αποθηκεύτηκε σε:
| Κύριος συγγραφέας: | |
|---|---|
| Μορφή: | Βιβλίο |
| Γλώσσα: | Greek |
| Δημοσίευση: |
Ηράκλειο :
Πανεπιστημιακές Εκδόσεις Κρήτης,
1999
|
| Έκδοση: | 2η έκδ. |
| Σειρά: | Συμβολές στις επιστήμες του ανθρώπου
|
| Θέματα: | |
| Ετικέτες: |
Προσθήκη ετικέτας
Δεν υπάρχουν, Καταχωρήστε ετικέτα πρώτοι!
|
MARC
| LEADER | 00000cam a2200000 i 4500 | ||
|---|---|---|---|
| 001 | 1/2637 | ||
| 008 | 000511s1999 gre d | ||
| 020 | |a 960-524-048-3 | ||
| 035 | |l 10060510 | ||
| 040 | |a GR-MY-UA |b gre |e aacr | ||
| 041 | 0 | |a gre | |
| 082 | 0 | |a 808.0666 | |
| 100 | 1 | |a Πολίτης, Αλέξης, |d 1945- | |
| 245 | 1 | 0 | |a Υποσημειώσεις και παραπομπές / |c Αλέξης Πολίτης |
| 250 | |a 2η έκδ. | ||
| 260 | |a Ηράκλειο : |b Πανεπιστημιακές Εκδόσεις Κρήτης, |c 1999 | ||
| 300 | |a 30 σ. | ||
| 490 | 1 | |a Συμβολές στις επιστήμες του ανθρώπου | |
| 500 | |a Αναδημοσίευση από το περιοδικό "Μνήμων" 12 (1989) | ||
| 650 | 0 | 0 | |a Technical writing. |
| 650 | 0 | 0 | |a Bibliographical citations. |
| 830 | 0 | |a Συμβολές στις επιστήμες του ανθρώπου | |
| 852 | |a INST |b LESVOS |e 20000511 |h 808.0666 ΠΟΛ |p 005100025087 |q 005100025087 |t BK |y 0 | ||
| 852 | |a INST |b RHODES |e 20020326 |h 808.0666 ΠΟΛ |p 005400016603 |q 005400016603 |t BK |y 0 | ||
| 901 | |a BIBL4-2002-1 | ||
| 909 | |a Ρ |b 085178 | ||
| 909 | |a Λ |b 077608 | ||
| 922 | |a 1ΕΛΗ |b 200003 |c TAK/TKA |d ΠΑΠΑΣΩΤΗΡΙΟΥ | ||
| 950 | |a 117-1999-11-26 | ||
| 970 | |a ΚΟΥΛΑΚΙΟΤΗ |b ΛΙΤΣΑ |z 2002/03/26 | ||